100000 porquês (Record no. 45453)

MARC details
000 -Etiqueta do registo
Valores 00626cam a2200205 4500
100 ## - Dados gerais de processamento
Dados gerais 19940107d1948 m y0pory5003 ba
101 1# - Língua de publicação
Língua por
102 ## - País de publicação
País PT
200 1# - Titulo e menção de responsabilidade
Título próprio 100000 porquês
Informação de outro título uma viagem à roda da casa
Primeira menção de responsabilidade M. Iline
Outras menções de responsabilidade trad. Ema Quintas Alves
210 #9 - Publicação
Local de publicação Lisboa
Nome do editor Edições Cosmos,
Data de publicação 1948
215 ## - Descrição física 
Paginação / Volumes 113, [1] p.
Outras indicações físicas il.
Dimensões 20 cm
225 2# - Colecção 
Título próprio da colecção Biblioteca Cosmos
Indicação de volume 139
Número de parte ou secção 1.ª secção
Nome de parte ou secção Ciências e Técnicas. Ciências da Natureza
Indicação de volume 62
517 1# - Outras variantes do título
Variante do título Cem mil porquês
675 ## - CDU
Notação 001.92
Edição BN
Língua por
700 #1 - Autor principal
Apelido Iline,
Nome M.
702 #1 - Autor secundário
Apelido Alves,
Nome Ema Quintas
Função 730
801 #0 - Fonte de origem
País PT
Agência BN
Regras de catalogação RPC
990 ## - Elementos KOHA
Tipo de documento MON
Holdings
Aquisição Empréstimo Código de barras Cota Permissão de empréstimo Tipo de documento Nota relativa ao exemplar
Biblioteca Municipal de Redondo Biblioteca Municipal de Redondo 056172 001.92 ILI Consulta presencial Livro oferta de Vergílio Ambrósio

Powered by Koha